Normal view
MARC view
- BS Thesis Economics.
Entry Topical Term
001 - CONTROL NUMBER
- control field: 27421
003 - CONTROL NUMBER IDENTIFIER
- control field: NUST
005 - DATE AND TIME OF LATEST TRANSACTION
- control field: 20200108154304.0
008 - FIXED-LENGTH DATA ELEMENTS
- fixed length control field: 200108|| aca||aabn | a|a d
040 ## - CATALOGING SOURCE
- Original cataloging agency: NUST
- Transcribing agency: NUST
150 ## - HEADING--TOPICAL TERM
- Topical term or geographic name entry element: BS Thesis Economics.
670 ## - SOURCE DATA FOUND
- Source citation: Work cat.: (NUST): Abbas, Zehra 27420, An Investigation into the Intra-Industry Trade of Pakistan /, 2019.
